000 00371pam a2200157a 44500
008 230515b1971 xxu||||| |||| 00| 0 eng d
020 _aNULL
041 _aENGLISH
082 _a630
100 _a5857-1970
245 _aNICKEL AND NICKEL ALLOY BARE SOLID WELDING RODS AND ELECTRODES
250 _a0
260 _aDELHI
_bISI
_c1971
300 _a12
650 _aNULL
999 _c651940
_d651940